书目信息 |
| 题名: |
陈忠实画传
|
|
| 作者: | 邢小利 著 | |
| 分册: | ||
| 出版信息: | 西安 陕西师范大学出版总社 2022.05 |
|
| 页数: | 330页 | |
| 开本: | 24cm | |
| 丛书名: | ||
| 单 册: | ||
| 中图分类: | K825.6=76 , K825.6 | |
| 科图分类: | ||
| 主题词: | 作家--zuo jia--传记--中国--现代 | |
| 电子资源: | ||
| ISBN: | 978-7-5695-2673-8 | |
| 000 | 01244nam0 2200253 450 | |
| 001 | 26678 | |
| 005 | 20220921105908.43 | |
| 010 | @a978-7-5695-2673-8@b精装@dCNY98.00 | |
| 100 | @a20220719d2022 em y0chiy50 ea | |
| 101 | 0 | @achi |
| 102 | @aCN@b610000 | |
| 105 | @aa z 000yb | |
| 200 | 1 | @a陈忠实画传@Achen zhong shi hua zhuan@f邢小利著 |
| 210 | @a西安@c陕西师范大学出版总社@d2022.05 | |
| 215 | @a330页@c图 (部分彩图)@d24cm | |
| 314 | @a那小利, 编审, 国务院政府特殊津贴专家。历任《长安》理论编辑、《小说评论》副主编、陕西省作家协会文学创作研究室主任。现任陕西白鹿书院常务副院长、中国书院学会副会长、陕西省柳青文学研究会会长。 | |
| 330 | @a本书是文学大师陈忠实的传奇人生画卷, 截取了陈忠实人生历程中24个重要节点, 客观地勾勒出一条线条简单明晰的“路线图”, 展现陈忠实的人生之路和文学之路, 书中配有珍贵照片和资料图片近两百幅, 为陈忠实作品爱好者和研究者提供了一份翔实的作家生平档案和背景参考材料。陈忠实先生是当代文学代表性的作家, 从业余爱好到专业从事写作, 他的成长道路, 极具时代特性。 | |
| 600 | 0 | @a陈忠实@Achen zhong shi@x传记 |
| 606 | 0 | @a作家@Azuo jia@x传记@y中国@z现代 |
| 690 | @aK825.6=76@v5 | |
| 690 | @aK825.6@v4 | |
| 701 | 0 | @a邢小利@Axing xiao li@4著 |
| 801 | 0 | @aCN@c20220910 |
| 905 | @a河南城建学院图书馆@dK825.6@eC666@f2 | |
| 陈忠实画传/邢小利著.-西安:陕西师范大学出版总社,2022.05 |
| 330页:图 (部分彩图);24cm |
| ISBN 978-7-5695-2673-8(精装):CNY98.00 |
| 本书是文学大师陈忠实的传奇人生画卷, 截取了陈忠实人生历程中24个重要节点, 客观地勾勒出一条线条简单明晰的“路线图”, 展现陈忠实的人生之路和文学之路, 书中配有珍贵照片和资料图片近两百幅, 为陈忠实作品爱好者和研究者提供了一份翔实的作家生平档案和背景参考材料。陈忠实先生是当代文学代表性的作家, 从业余爱好到专业从事写作, 他的成长道路, 极具时代特性。 |
| ● |
| 相关链接 |
|
|
|
正题名:陈忠实画传
索取号:K825.6/C666
 
预约/预借
| 序号 | 登录号 | 条形码 | 馆藏地/架位号 | 状态 | 备注 |
| 1 | 1578017 | 215780171 | 社科库309/309社科库 51排2列2层/ [索取号:K825.6/C666] | 在馆 | |
| 2 | 1578018 | 215780180 | 社科库309/309社科库 51排2列2层/ [索取号:K825.6/C666] | 在馆 |